Spectroscopy in biochemistry /

Bibliographic Details
Other Authors: Bell, J. Ellis (John Ellis)
Format: Book
Language:English
Published: Boca Raton, FL : CRC Press, [1981]
Subjects:

MARC

Tag First Indicator Second Indicator Subfields
LEADER 00000cam a2200000 a 4500
001 in00000079087
005 20151008055224.0
008 791210s1981 flua b 00100 engm
010 |a  79026879  
020 |a 0849355516 (v. 1) 
020 |a 0849355524 (v. 2) 
035 |a (OCoLC)05831001 
035 |9 AAJ2874AM 
040 |a DLC  |c DLC  |d m.c.  |d OCL  |d TXA  |d UtOrBLW 
049 |a TXAM  |c 1  |v 1 [274645]  |v 2 [273846]  |c 2  |v 1 [1387386]  |v 2 [1387387] 
050 0 0 |a QP519.9.S6  |b S63 
060 0 |a QH324.9.S6 S741 
082 0 |a 574.19/285 
245 0 0 |a Spectroscopy in biochemistry /  |c editor J. Ellis Bell. 
264 1 |a Boca Raton, FL :  |b CRC Press,  |c [1981] 
264 4 |c ©1981 
300 |a 2 volumes :  |b illustrations ;  |c 27 cm. 
336 |a text  |b txt  |2 rdacontent 
337 |a unmediated  |b n  |2 rdamedia 
338 |a volume  |b nc  |2 rdacarrier 
504 |a Includes bibliographies and index. 
650 0 |a Spectrum analysis. 
650 0 |a Biochemistry  |x Technique. 
650 2 |a Biochemistry. 
650 2 |a Spectrum Analysis. 
700 1 |a Bell, J. Ellis  |q (John Ellis) 
999 |a MARS 
999 f f |s 6e333867-64f1-35c0-8997-18caaeb02c63  |i fb86e923-e5b1-3158-921c-231091a9bda4  |t 0 
952 f f |p ric  |a Texas A&M University  |b Rellis Campus  |c Joint Library Facility  |d Remote Storage  |t 0  |e QP519.9.S6 S63  |h Library of Congress classification  |i unmediated -- volume  |k v.2  |m A14809828614 
952 f f |p ric  |a Texas A&M University  |b Rellis Campus  |c Joint Library Facility  |d Remote Storage  |t 0  |e QP519.9.S6 S63  |h Library of Congress classification  |i unmediated -- volume  |k v.1  |m A14808798604 
998 f f |a QP519.9.S6 S63  |s v.1-2  |t 0  |l Remote Storage